Postacie z serii o Harrym Potterze (trudny) - Statystyki

Ogólne statystyki
  • Ten quiz został rozwiązany 1 410 razy
  • Średni wynik to 6 z 10
Statystyki odpowiedzi
Hint Odpowiedź % Poprawnych
wierny sługa swojej pani Walburgi Black, później jego panem został Syriusz Black, a po jego śmierci służył on Harremu Potterowi Stworek
90%
Minister Magii w latach 1990–1996, myślał, że Albus Dumbledore chce zająć jego miejsce, po powrocie Voldemorta pod naciskami czarodziejów podał się do dymisji Korneliusz Knot
89%
czarownica półkrwi lub czystej krwi o hinduskim pochodzeniu, wybrała się na Bal Bożonarodzeniowy z Harrym, członkini Gwardii Dumbledore'a Parvati Patil
78%
zafascynowana lekcją wróżbiarstwa, dużym szacunkiem i podziwem darzyła Sybillę Trelawney, przez krótki okres czasu była dziewczyną Rona Weasleya Lavender Brown
75%
siostra bliźniaczka w.w., partnerka Rona na Balu Bożonarodzeniowym, członkini Gwardii Dumbledore'a Padma Patil
74%
reporterka Proroka Codziennego, była także autorką książek biograficznych: Życie i Kłamstwa Albusa Dumbledore'a i Armando Dippet: mistrz czy kretyn? Rita Skeeter
71%
nauczycielka latania na miotle w Hogwarcie, gdzie sędziowała również mecze quidditcha Rolanda Hooch
62%
centaur, najpierw mieszkający w Zakazanym Lesie, później w Hogwarcie, od 1996 do 1998 roku nauczał wróżbiarstwa w Hogwarcie, uratował Harrego przed widmem w Zakazanym Lesie Firenzo
50%
sprzymierzeniec Lorda Voldemorta, został oskarżony i skazany za torturowanie i doprowadzenie do szaleństwa Alicji i Franka Longbottomów, przez długi czas podszywał się pod Alastora Moody'ego Bartemiusz Crouch Junior
46%
wziął udział w bitwie w Departamencie Tajemnic, a później został przydzielony do pilnowania mugolskiego premiera, po zakończeniu Drugiej Bitwy o Hogwart został mianowany Ministrem Magii Kingsley Shackleblot
15%
Nie znaleziono quizów pasujących do podanych kryteriów
Rozkład punktacji
Procent ludzi z każdym wynikiem
Percentyl według liczby udzielonych odpowiedzi
Twoja historia wyników
Nie rozwiązałeś tego quizu